000 00385nam a2200133Ia 4500
005 20260326235443.0
008 260326s9999||||xx |||||||||||||| ||und||
100 _aMinisterio de Educación
245 0 _aPlantas de edificos escolares /
_cMinisterio de Educación
260 _bDirección Técnica de Arquitectura de Ven
300 _a29 p.
650 _aARQUITECTURA CIVIL
942 _cBK
999 _c7476
_d7476